|
|
|
|
| LEADER |
00000nam0a2200000 4500 |
| 001 |
306784 |
| 005 |
20231102001928.0 |
| 020 |
|
|
|a RU
|b 83-54498
|
| 035 |
|
|
|a (RuTPU)RU\TPU\book\332061
|
| 090 |
|
|
|a 306784
|
| 100 |
|
|
|a 20151012d1983 k y0rusy5003 ca
|
| 101 |
0 |
|
|a rus
|
| 102 |
|
|
|a BY
|
| 105 |
|
|
|a a z 001zy
|
| 200 |
1 |
|
|a Физико-химические процессы в энергетических установках
|e сборник научных трудов
|f Академия наук Белорусской ССР (АН БССР), Институт тепло- и массообмена им. А. В. Лыкова (ИТМО) ; под ред. С. А. Жданока, И. П. Таирова
|
| 210 |
|
|
|a Минск
|c Изд-во ИТМО
|d 1983
|
| 215 |
|
|
|a 172 с.
|c ил.
|
| 320 |
|
|
|a Библиогр. в конце ст.
|
| 606 |
1 |
|
|a Электрические установки
|2 stltpush
|3 (RuTPU)RU\TPU\subj\27670
|9 51390
|
| 610 |
1 |
|
|a гидродинамика
|
| 610 |
1 |
|
|a теплообмен
|
| 610 |
1 |
|
|a физические процессы
|
| 610 |
1 |
|
|a химические процессы
|
| 610 |
1 |
|
|a тепломассообменные процессы
|
| 610 |
1 |
|
|a турбулентный перенос
|
| 610 |
1 |
|
|a теплообмен
|
| 610 |
1 |
|
|a теплообменная аппаратура
|
| 610 |
1 |
|
|a тлеющий разряд
|
| 675 |
|
|
|a 621.31
|z rus
|v 3
|
| 702 |
|
1 |
|a Жданок
|b С. А.
|4 340
|
| 702 |
|
1 |
|a Таиров
|b И. П.
|4 340
|
| 712 |
0 |
2 |
|a Академия наук Белорусской ССР (АН БССР)
|b Институт тепло- и массообмена им. А. В. Лыкова (ИТМО)
|c (Минск)
|2 stltpush
|3 (RuTPU)RU\TPU\col\11896
|
| 801 |
|
0 |
|a RU
|b RuMRKP
|c 19950704
|g psbo
|
| 801 |
|
1 |
|a RU
|b 63413507
|c 20151012
|
| 801 |
|
2 |
|a RU
|b 63413507
|c 20190717
|g RCR
|
| 942 |
|
|
|c BK
|